Statistics for Guess the lyrics (#99)

Click here to take the quiz!

General Stats

  • This quiz has been taken 32 times
  • The average score is 20 of 46

Answer Stats

answer% Correct
I
94%
I
94%
I
94%
you
90%
You
90%
you
90%
you,
90%
and
81%
the
81%
the
81%
the
81%
the
81%
the
81%
When
74%
in
68%
is
65%
your
55%
your
55%
for
52%
see
45%
see
45%
see
45%
or
39%
All
35%
eyes,
32%
sun
32%
than
32%
day
26%
more
23%
tea,
23%
than
23%
aren't
19%
marmalade
16%
through
16%
Toast
16%
disguise,
10%
play
10%
play
10%
games
6%
games
6%
lovelier
6%
lovely
6%
sailing
6%
sea,
6%
ships
6%
upon
6%

Score Distribution

Percentile by Number Answered

Percent of People with Each Score

Your Score History

You have not taken this quiz